000 00456nam a2200169 i 4500
001 100442
003 ES-MaACL
005 20250331063102.0
007 t|
008 050928s1974 sp ||||1| spa d
100 1 _aMarx, Karl,
_d1818-1883
_978590
245 1 0 _aTeorías de la plusvalía /
_cKarl Marx.
260 _aMadrid :
_bAlberto Corazón,
_c1974.
300 _a2 v. ;
_c21 cm.
852 _aES-MaACL
_jE-7083-4
_bR.91244
999 _c100442
_d100442